000 01796nam a22002897a 4500
001 1304
005 20230814133327.0
008 230814b cb ||||| |||| 00| 0 khr d
020 _a9789924340799
040 _aFISKH
_beng
_cFISKH
_dFISKH
082 _a591.7
100 _aSodany, Ouch
245 _aរង្គា និងសត្វចម្លែកបៃតង /
_cអ៊ូច សូដានី - សួ គីមសាន
250 _aគ្រិះ​ស្ថានបោះពុម្ពផ្សាយ Sipar មិថុនា ២០២០
260 _aPhnom Penh :
_bSipar,
_c2020.
300 _a47 pages :
_bcolor illustrations ;
_c20 cm
490 _aខ្ញុំអានបាន
505 _aY
520 _bរង្គាជាបុត្រីអធិរាជវេហា ដែលនៅលើមេឃ។ ព្រះនាងមានជំងឺប្រចាំកាយ ហើយព្រះនាងត្រូវយកបេះដូងសត្វចម្លែកបៃតងដែលនៅទិសខាងកើតឳ្យបាន។ តែព្រះនាងត្រូវចុះមកដី ហើយដំណើរផ្សងព្រេងរបស់ព្រះនាងក៏ចាប់ផ្ដើម។
520 _aRangea is the daughter of Emperor Veha in the sky. She has a physical illness and she has to get the heart of the green monster in the east. But the princess had to come down to the ground and her adventure began.
521 _a890
_bLexile estimate
521 _aY
_bRaz-Plus
650 _aPrincess
_vPrince
_xDragon
_yLion
650 _aព្រះនាង
_vព្រះអង្គ
_xនាគ​
_yតោ
700 _aKimsan, Suo
_cillustrator
942 _2ddc
_cBK
_n0
999 _c1304
_d1304